[Event "Montigny le Bretonneux-D 14th"]
[Site "Montigny le Bretonneux"]
[Date "2015.10.25"]
[Round "9.2"]
[White "Fruchard, Alois"]
[Black "Mozzini, Louis"]
[Result "0-1"]
[WhiteElo "1249"]
[BlackElo "1474"]
[PlyCount "64"]
[EventDate "2015.10.17"]
[EventType "tourn"]
[EventRounds "10"]
[EventCountry "FRA"]
[SourceTitle "EXT 2024"]
[Source "ChessBase"]
[SourceDate "2023.10.10"]
[SourceVersion "1"]
[SourceVersionDate "2023.10.10"]
[SourceQuality "1"]

1. d4 Nf6 2. c4 e5 3. e3 exd4 4. exd4 d5 5. Nc3 Nc6 6. Nf3 Be6 7. Qb3 b6 8. Bd3 dxc4 9. Bxc4 Na5 10. Qb5+ c6 11. Qa4 Bxc4 12. b4 Qe7+ 13. Ne5 Qxb4 14. Qxb4 Bxb4 15. Bb2 Nd5 16. Nxc4 Nxc4 17. Rc1 Nxb2 18. 0-0 Bxc3 19. Rxc3 Nxc3 20. Re1+ Kd7 21. Rc1 Nbd1 22. Kf1 Rhe8 23. Rc2 Re7 24. f3 Rae8 25. g3 Re1+ 26. Kg2 Ne3+ 27. Kh3 Nxc2 28. g4 g5 29. Kg3 Ne2+ 30. Kh3 Nf4+ 31. Kg3 R8e2 32. h4 Rg2# 0-1